[Event "Noisiel 5th op"]
[Site "Noisiel"]
[Date "2020.02.18"]
[Round "5"]
[White "Velten, Paul"]
[Black "Parnali, S Dharia"]
[Result "1-0"]
[WhiteElo "2483"]
[BlackElo "2275"]
[PlyCount "53"]
[EventDate "2020.02.15"]
[EventType "swiss"]
[EventRounds "9"]
[EventCountry "FRA"]

{[%evp 0,9,26,-6,6,1,20,23,83,60,94,9]} 1. c4 Nf6 2. Nc3 c5 3. Nf3 d5 4. cxd5
Nxd5 5. g3 Nc6 6. Bg2 Nc7 7. a3 Rb8 8. b4 Bf5 9. d3 e5 10. b5 Nxb5 11. Nxb5
Qa5+ 12. Nc3 Qxc3+ 13. Bd2 Qb2 14. Rb1 Qa2 15. Ng5 Bd6 16. Rxb7 Rxb7 17. Bxc6+
Rd7 18. e4 Be6 19. Nxe6 Qxe6 20. Qa4 Ke7 21. Bxd7 Qxd7 22. Qa6 Rb8 23. O-O Rb3
24. Bg5+ Ke8 25. Rc1 h5 26. h4 Qb7 27. Qxd6 1-0

[Event "Noisiel 5th op"]
[Site "Noisiel"]
[Date "2020.02.18"]
[Round "5"]
[White "Bassini, Emile"]
[Black "Ivanov, Mikhail M"]
[Result "0-1"]
[WhiteElo "2244"]
[BlackElo "2353"]
[PlyCount "92"]
[EventDate "2020.02.15"]
[EventType "swiss"]
[EventRounds "9"]
[EventCountry "FRA"]

{[%evp 0,15,14,20,50,45,101,46,39,37,86,68,65,58,48,39,88,32]} 1. e4 c5 2. Nf3
a6 3. c4 e6 4. Nc3 b6 5. Be2 Bb7 6. O-O Qc7 7. d4 cxd4 8. Nxd4 Nf6 9. f3 Nc6
10. Be3 Ne5 11. Rc1 Ng6 12. Kh1 h5 13. Qd2 h4 14. Rfd1 h3 15. g3 d6 16. Kg1 Ne5
17. Na4 Ned7 18. b4 Rc8 19. Nb3 Be7 20. c5 dxc5 21. bxc5 b5 22. c6 Bxc6 23. Na5
Ne5 24. f4 Nxe4 25. Qe1 Nxg3 26. Qxg3 Qxa5 27. Nb6 Qxa2 28. Rd2 Qa3 29. fxe5
Qxc1+ 30. Rd1 Qc2 31. Nxc8 Qxe2 32. Rd2 Qf3 33. Qxf3 Bxf3 34. Nxe7 Kxe7 35.
Bc5+ Ke8 36. Rd6 Rh5 37. Bd4 Rg5+ 38. Kf2 Bd5 39. Rb6 Rg2+ 40. Ke3 Rxh2 41.
Rb8+ Kd7 42. Rf8 Rg2 43. Rxf7+ Ke8 44. Rf1 h2 45. Bc5 Rg3+ 46. Kf4 Rf3+ 0-1

[Event "Noisiel 5th op"]
[Site "Noisiel"]
[Date "2020.02.18"]
[Round "5"]
[White "Bonte, Andrei Mihai"]
[Black "Peric, Slavisa"]
[Result "1-0"]
[WhiteElo "2302"]
[BlackElo "2081"]
[PlyCount "79"]
[EventDate "2020.02.15"]
[EventType "swiss"]
[EventRounds "9"]
[EventCountry "FRA"]

{[%evp 0,79,14,18,28,31,25,18,16,21,21,4,4,-3,14,9,27,22,35,37,55,57,34,42,61,
61,118,83,92,55,60,84,88,81,97,93,110,108,95,111,152,130,130,112,119,124,178,
193,197,194,179,182,202,175,168,160,142,152,147,120,193,206,247,198,265,275,
292,272,296,367,341,353,560,561,723,729,744,747,749,748,747,759]} 1. d4 e6 2.
Nf3 Nf6 3. g3 b6 4. Bg2 Bb7 5. c4 Bb4+ 6. Bd2 Bxd2+ 7. Qxd2 d5 8. cxd5 Bxd5 9.
Nc3 Ne4 10. Nxe4 Bxe4 11. Rc1 Nd7 12. Qf4 Bd5 13. Qxc7 O-O 14. Qxd8 Rfxd8 15.
a3 Rac8 16. O-O Bc4 17. Rfe1 b5 18. e3 a5 19. Nd2 Bd5 20. Bf1 b4 21. Ba6 Rb8
22. a4 e5 23. e4 Bb7 24. Bxb7 Rxb7 25. d5 b3 26. Rc3 Rb4 27. Rxb3 Rd4 28. Nf3
Rxa4 29. Rc1 f6 30. Rc7 Kf7 31. Nd2 f5 32. Nc4 Kf6 33. Rbb7 fxe4 34. b3 Ra1+
35. Kg2 Nf8 36. Rxg7 Rxd5 37. Rbf7+ Ke6 38. Re7+ Kf6 39. Rgf7+ Kg6 40. Rxf8 1-0

[Event "Noisiel 5th op"]
[Site "Noisiel"]
[Date "2020.02.18"]
[Round "5"]
[White "Mohite, Ranveer"]
[Black "Pozdnjakov, Viatcheslav"]
[Result "0-1"]
[WhiteElo "2231"]
[BlackElo "2295"]
[PlyCount "174"]
[EventDate "2020.02.15"]
[EventType "swiss"]
[EventRounds "9"]
[EventCountry "FRA"]

{[%evp 0,15,14,42,39,39,34,34,77,22,12,10,22,6,4,4,9,8]} 1. e4 e6 2. d4 d5 3.
Nc3 Nf6 4. Bg5 dxe4 5. Nxe4 Be7 6. Bxf6 gxf6 7. Nf3 f5 8. Nc3 a6 9. g3 b5 10.
Bg2 Bb7 11. Qe2 b4 12. Na4 Nd7 13. O-O-O Bd5 14. Kb1 c6 15. Rhe1 Qa5 16. b3 Nf6
17. Nh4 Ra7 18. Qe5 O-O 19. Qf4 Bxg2 20. Nxg2 Nd5 21. Qh6 Bf6 22. Nf4 Bg7 23.
Qg5 Qd8 24. Qxd8 Rxd8 25. Ne2 a5 26. Rd3 Bf8 27. Ng1 Nf6 28. Nf3 Rad7 29. Nb6
Rb7 30. Nc4 Ra8 31. Nfe5 Ra6 32. Nxc6 a4 33. N6e5 Ne4 34. f4 Rba7 35. a3 bxa3
36. Ka2 f6 37. Nf3 Rc6 38. Ree3 Bb4 39. d5 exd5 40. Rxd5 Nc3+ 41. Rxc3 Bxc3 42.
Rd3 axb3+ 43. cxb3 Bb4 44. Nd4 Rc5 45. Nc2 Rb5 46. N4e3 Bf8 47. Nd5 Kf7 48. Nc3
Rb8 49. Ne3 Kg6 50. Ng2 Rc7 51. Ne3 Rbc8 52. Ncd5 Rc1 53. b4 Rh1 54. Rd2 Ra8
55. Rc2 Re1 56. Ng2 Rd1 57. Nh4+ Kh5 58. Nxf6+ Kh6 59. b5 Bg7 60. Nxf5+ Kg6 61.
Nxg7 Kxf6 62. Nh5+ Ke6 63. g4 Rd5 64. f5+ Ke5 65. Re2+ Kd6 66. b6 Rb5 67. Nf6
Kc5 68. Rc2+ Kxb6 69. Nd7+ Kb7 70. f6 Rd5 71. Nc5+ Kb6 72. Ne4 Re5 73. Nd6 Re6
74. Nc4+ Kc5 75. g5 Kd4 76. f7 Kd3 77. Rf2 Rf8 78. Rf4 Re4 79. Rxe4 Kxe4 80. h4
Kf5 81. Kxa3 Kg6 82. Nd6 Kh5 83. Kb4 Kxh4 84. g6 hxg6 85. Kc5 Kg5 86. Kc6 Kf6
87. Kd7 Rxf7+ 0-1

[Event "Noisiel 5th op"]
[Site "Noisiel"]
[Date "2020.02.18"]
[Round "5"]
[White "Hansen, Mads"]
[Black "Boulos, Carlos"]
[Result "1-0"]
[WhiteElo "2394"]
[BlackElo "2137"]
[PlyCount "51"]
[EventDate "2020.02.15"]
[EventType "swiss"]
[EventRounds "9"]
[EventCountry "FRA"]

{[%evp 0,28,14,-25,-9,-21,-17,-24,-10,-16,-10,3,19,-13,6,3,-6,-1,5,6,0,5,0,-9,
2,13,12,-16,-4,28,65]} 1. c4 e6 2. g3 d5 3. Nf3 Nf6 4. Bg2 Be7 5. O-O O-O 6. b3
b6 7. Bb2 Bb7 8. e3 c5 9. Nc3 dxc4 10. bxc4 Nc6 11. Qe2 Rc8 12. Rfd1 Qc7 13.
Rac1 Rfd8 14. d4 cxd4 15. exd4 Re8 16. d5 exd5 17. Nxd5 Nxd5 18. cxd5 Bc5 19.
Qd2 Na5 20. Bh3 Rcd8 21. Qg5 f5 22. Bxf5 Qe7 23. Be6+ Kh8 24. Qh5 Qf8 25. Ng5
Qxf2+ 26. Kh1 1-0

[Event "Noisiel 5th op"]
[Site "Noisiel"]
[Date "2020.02.18"]
[Round "5"]
[White "Labrande, Theodore"]
[Black "Bagheri, Amir"]
[Result "1/2-1/2"]
[WhiteElo "2021"]
[BlackElo "2361"]
[PlyCount "44"]
[EventDate "2020.02.15"]
[EventType "swiss"]
[EventRounds "9"]
[EventCountry "FRA"]

{[%evp 0,32,14,17,84,70,70,27,43,36,41,21,37,46,62,68,72,67,59,51,50,19,44,33,
37,25,25,44,55,37,127,105,109,100,119]} 1. e4 c6 2. d4 d5 3. Nc3 dxe4 4. Nxe4
Nf6 5. Nxf6+ gxf6 6. Nf3 Bg4 7. c3 e6 8. Bd3 Qd5 9. Qe2 Bxf3 10. gxf3 Nd7 11.
Bf4 O-O-O 12. Be4 Qa5 13. a4 Nb8 14. b4 Qb6 15. a5 Qb5 16. Bd3 Qh5 17. a6 b6
18. b5 Bd6 19. Bg3 Rhg8 20. f4 Qd5 21. Kd2 f5 22. Bc4 Qg2 1/2-1/2

[Event "Noisiel 5th op"]
[Site "Noisiel"]
[Date "2020.02.18"]
[Round "5"]
[White "Macon, Arthur"]
[Black "Toure, Vasanth"]
[Result "1/2-1/2"]
[WhiteElo "2343"]
[BlackElo "2115"]
[PlyCount "201"]
[EventDate "2020.02.15"]
[EventType "swiss"]
[EventRounds "9"]
[EventCountry "FRA"]

{[%evp 0,56,18,14,18,-4,8,8,20,8,8,-16,28,22,17,16,16,17,21,6,6,19,26,-3,16,22,
32,35,40,38,50,55,89,71,71,61,85,70,79,33,26,23,21,36,57,46,46,0,10,23,52,49,
43,20,6,-1,11,4,3]} 1. Nf3 d5 2. g3 e6 3. Bg2 Nf6 4. O-O Be7 5. c4 c6 6. b3 O-O
7. Bb2 Nbd7 8. Qc2 b5 9. d3 Bb7 10. Nbd2 a5 11. a3 h6 12. e4 bxc4 13. bxc4 dxe4
14. dxe4 c5 15. e5 Ne8 16. Rfd1 Qc7 17. Ne4 Nb6 18. Nc3 Bc6 19. Qe2 Qb7 20.
Rab1 Nc7 21. Bc1 Rfd8 22. Rxd8+ Rxd8 23. Ne1 Bxg2 24. Nxg2 Qa6 25. Ne3 Rd4 26.
Nc2 Rd8 27. Nb5 Nxb5 28. cxb5 Qa8 29. Bd2 Rc8 30. Qg4 h5 31. Qxh5 Qe4 32. Rc1
Nc4 33. Bf4 g6 34. Qd1 Rd8 35. Qe1 Qd3 36. h4 a4 37. Qf1 Nxa3 38. Nxa3 Qxa3 39.
b6 Rb8 40. Qa6 Qf3 41. Qxa4 g5 42. Bxg5 Bxg5 43. hxg5 Kg7 44. Qf4 Qxf4 45. gxf4
Rxb6 46. Rxc5 Rb4 47. Kg2 Rxf4 48. Kg3 Rb4 49. Rc3 Kg6 50. Rf3 Rb5 51. Kg4 Rb4+
52. Kg3 Rb7 53. Rf6+ Kg7 54. g6 fxg6 55. Rxe6 Rb4 56. f4 Rb1 57. Ra6 Rg1+ 58.
Kf2 Rc1 59. Rd6 Kf7 60. Ke3 Re1+ 61. Kd4 Rf1 62. Rf6+ Ke7 63. Ke3 Rg1 64. Kf2
Rg4 65. Kf3 Rg1 66. Ra6 Kf7 67. Rf6+ Ke7 68. Rd6 Kf7 69. Ke4 Ke7 70. Rc6 Re1+
71. Kd4 Rd1+ 72. Ke3 Rg1 73. Rd6 Kf7 74. Rd2 Ke6 75. Rd6+ Kf7 76. Rb6 Ke7 77.
Kf2 Rg4 78. Kf3 Rg1 79. Rb2 Ke6 80. Kf2 Rg4 81. Rb6+ Kf7 82. Ke3 Rg1 83. Kd4
Rf1 84. Rf6+ Ke7 85. Rxg6 Rxf4+ 86. Kd5 Ra4 87. Rg7+ Ke8 88. Rg6 Ra5+ 89. Ke4
Ra1 90. Rb6 Ke7 91. Rb7+ Ke6 92. Rb6+ Ke7 93. Kd5 Rd1+ 94. Kc4 Re1 95. Kd4 Rd1+
96. Ke3 Re1+ 97. Kd4 Rd1+ 98. Kc5 Rc1+ 99. Kb5 Rb1+ 100. Kc6 Rxb6+ 101. Kxb6
1/2-1/2

[Event "Noisiel 5th op"]
[Site "Noisiel"]
[Date "2020.02.18"]
[Round "5"]
[White "Degardin, Sylvain"]
[Black "Bouton, Christophe"]
[Result "1-0"]
[WhiteElo "2259"]
[BlackElo "2001"]
[PlyCount "117"]
[EventDate "2020.02.15"]
[EventType "swiss"]
[EventRounds "9"]
[EventCountry "FRA"]

{[%evp 0,104,18,24,24,24,18,15,8,2,-4,5,30,9,12,17,28,23,27,17,35,39,44,38,37,
49,25,18,71,76,76,76,60,67,83,68,79,75,80,59,67,59,152,134,151,144,162,145,149,
162,149,164,177,157,180,184,183,155,167,175,191,191,186,198,198,177,180,188,
186,180,200,206,197,198,226,233,227,210,229,225,225,213,232,197,202,212,211,
208,226,215,225,203,209,194,209,203,222,193,225,197,232,231,243,210,235,220,
226]} 1. e4 e5 2. Nf3 Nc6 3. Bb5 a6 4. Ba4 Nf6 5. O-O Be7 6. d3 b5 7. Bb3 O-O
8. Nc3 d6 9. a3 Bb7 10. Re1 Na5 11. Ba2 c5 12. b4 Nc6 13. Nd5 cxb4 14. axb4
Nxd5 15. Bxd5 a5 16. bxa5 Rxa5 17. Rb1 Qd7 18. Bd2 b4 19. Rb2 Bf6 20. Qe2 Rxd5
21. exd5 Ne7 22. Rxb4 Nxd5 23. Rb3 Rc8 24. Reb1 Bc6 25. Rb8 Ne7 26. Ng5 Qc7 27.
Rxc8+ Nxc8 28. Qg4 Bd7 29. Qc4 Qxc4 30. dxc4 Bxg5 31. Bxg5 f6 32. Be3 Kf7 33.
Rb7 Ke6 34. c5 Ne7 35. cxd6 Kxd6 36. f3 Nc6 37. Bc5+ Ke6 38. g4 g6 39. Kf2 h5
40. gxh5 gxh5 41. Kg3 Be8 42. Rg7 Bf7 43. c3 Nb8 44. Kf2 Nd7 45. Ba7 f5 46. Rg1
Kd5 47. Rd1+ Kc6 48. Be3 Nf6 49. Bh6 e4 50. Bg7 Nd5 51. Bd4 Kb5 52. Rg1 Nf4 53.
Rg7 Bd5 54. fxe4 Bxe4 55. Rc7 Ne6 56. Rc8 Nf4 57. Kg3 Ng6 58. Be3 Bd5 59. Rc5+
1-0

[Event "Noisiel 5th op"]
[Site "Noisiel"]
[Date "2020.02.18"]
[Round "5"]
[White "Jeet, Jain"]
[Black "Dubourg, Pierrick"]
[Result "1/2-1/2"]
[WhiteElo "2223"]
[BlackElo "1965"]
[PlyCount "63"]
[EventDate "2020.02.15"]
[EventType "swiss"]
[EventRounds "9"]
[EventCountry "FRA"]

{[%evp 0,27,18,24,46,33,34,14,34,27,25,5,8,29,22,23,55,62,71,22,41,30,20,18,14,
5,31,47,23,10]} 1. e4 e6 2. d4 d5 3. Nc3 Bb4 4. exd5 exd5 5. Bd3 Nf6 6. Nge2
O-O 7. O-O Bg4 8. f3 Bh5 9. Nf4 Bg6 10. Nxg6 hxg6 11. Bg5 c5 12. dxc5 Bxc5+ 13.
Kh1 Nc6 14. f4 Be7 15. Qf3 Nb4 16. f5 d4 17. Bxf6 Bxf6 18. Ne4 gxf5 19. Qxf5
Nxd3 20. cxd3 Rc8 21. Qb5 Be7 22. Qxb7 a5 23. Qb3 Rb8 24. Qc2 Qb6 25. b3 Rbc8
26. Qe2 Ba3 27. Nf6+ gxf6 28. Qg4+ Kh7 29. Qf5+ Kg7 30. Qg4+ Kh7 31. Qf5+ Kg7
32. Qg4+ 1/2-1/2

[Event "Noisiel 5th op"]
[Site "Noisiel"]
[Date "2020.02.18"]
[Round "5"]
[White "Koulitchenko, Alexandre"]
[Black "Stepien, Jaroslaw"]
[Result "0-1"]
[WhiteElo "2181"]
[BlackElo "1960"]
[PlyCount "66"]
[EventDate "2020.02.15"]
[EventType "swiss"]
[EventRounds "9"]
[EventCountry "FRA"]

{[%evp 0,25,18,24,18,25,13,19,59,41,41,41,58,56,112,1,0,0,3,3,-13,-36,-27,-34,
-14,-36,-30,-68]} 1. e4 e5 2. Nf3 Nc6 3. Bb5 f5 4. Nc3 fxe4 5. Nxe4 Nf6 6. Qe2
d5 7. Nxf6+ gxf6 8. d4 Bg7 9. dxe5 O-O 10. Bxc6 bxc6 11. e6 Re8 12. O-O Bxe6
13. Nh4 Qd7 14. Qd3 c5 15. Bf4 Rab8 16. b3 Rb4 17. Qg3 Re4 18. Rad1 d4 19. c4
Bf7 20. Rd2 Bh5 21. h3 Kh8 22. f3 R4e7 23. Qf2 a5 24. Rfd1 Bf7 25. Qf1 a4 26.
Qd3 Bf8 27. Kf2 Re6 28. Qf5 Bd6 29. Bh6 Qe7 30. Qd3 Re3 31. Qb1 Qe5 32. Nf5 Bg6
33. f4 Qxf5 0-1

[Event "Noisiel 5th op"]
[Site "Noisiel"]
[Date "2020.02.18"]
[Round "5"]
[White "Mekhane, Adam"]
[Black "D'Cunha, Viani Antonio"]
[Result "0-1"]
[WhiteElo "2021"]
[BlackElo "2403"]
[PlyCount "94"]
[EventDate "2020.02.15"]
[EventType "swiss"]
[EventRounds "9"]
[EventCountry "FRA"]

{[%evp 0,35,24,24,52,76,76,49,40,21,83,62,98,63,45,49,70,69,66,30,27,47,52,37,
31,8,17,4,7,-13,-23,-52,-27,-43,10,-15,41,31]} 1. e4 c5 2. Nf3 e6 3. d4 cxd4 4.
Nxd4 a6 5. Nc3 b5 6. Bd3 Bb7 7. O-O Bc5 8. Nb3 Be7 9. a3 Nc6 10. Qg4 g6 11. Qe2
d6 12. Kh1 h5 13. Bd2 Nf6 14. a4 b4 15. Na2 d5 16. e5 Ng4 17. f4 Qb6 18. a5 Qa7
19. Qe1 d4 20. h3 Ne3 21. Bxe3 dxe3 22. Rf3 g5 23. Be4 gxf4 24. Rxf4 Rg8 25.
Qe2 Nxe5 26. Rd1 Ng6 27. Bxb7 Qxb7 28. Qf3 Qxf3 29. Rxf3 e2 30. Re1 Rd8 31.
Rxe2 Rd1+ 32. Kh2 Bd6+ 33. g3 h4 34. Re4 Bxg3+ 35. Rxg3 hxg3+ 36. Kxg3 e5 37.
Rxb4 f5 38. Rb8+ Kf7 39. Rxg8 Kxg8 40. Nb4 e4 41. Nxa6 f4+ 42. Kf2 Ne5 43. Nac5
e3+ 44. Ke2 Rh1 45. Nd4 Rh2+ 46. Kf1 f3 47. Kg1 f2+ 0-1

[Event "Noisiel 5th op"]
[Site "Noisiel"]
[Date "2020.02.18"]
[Round "5"]
[White "Roebers, Jan"]
[Black "Godebert, Florian"]
[Result "1/2-1/2"]
[WhiteElo "2188"]
[BlackElo "2002"]
[PlyCount "87"]
[EventDate "2020.02.15"]
[EventType "swiss"]
[EventRounds "9"]
[EventCountry "FRA"]

{[%evp 0,51,24,24,60,57,76,29,30,21,62,43,47,18,16,-4,11,-15,-17,-9,-4,-99,
-103,-113,-107,-97,-103,-103,-96,-94,-83,-108,-90,-126,-81,-113,-96,-91,-53,
-58,-61,-54,-47,-32,-28,-35,-28,-18,-32,-12,-6,-41,-39,-46]} 1. e4 c5 2. Nf3 e6
3. d4 cxd4 4. Nxd4 a6 5. c4 Nf6 6. Bd3 Nc6 7. Nxc6 dxc6 8. O-O e5 9. Qe2 Bc5
10. Kh1 Ng4 11. Be3 Qh4 12. h3 Nxe3 13. fxe3 O-O 14. Nd2 Qh6 15. Rfe1 Be6 16.
a3 Rad8 17. Kh2 Bd6 18. b4 b5 19. c5 Bc7 20. a4 f5 21. axb5 axb5 22. Ra6 Bc8
23. Ra7 Bb8 24. Ra8 Bb7 25. Raa1 f4 26. Nf3 Bc8 27. Bc2 Be6 28. Rad1 Qg6 29.
exf4 exf4 30. Rxd8 Qg3+ 31. Kh1 Rxd8 32. Rd1 Rf8 33. Bb1 Qg6 34. e5 Qe8 35. Ng5
Bc4 36. Ba2 Bxa2 37. Qxa2+ Kh8 38. e6 Qe7 39. Nf7+ Kg8 40. Rd7 Qh4 41. Nh6+ Kh8
42. Nf7+ Kg8 43. Nh6+ Kh8 44. Nf7+ 1/2-1/2

[Event "Noisiel 5th op"]
[Site "Noisiel"]
[Date "2020.02.18"]
[Round "5"]
[White "Houhou, Alexandre"]
[Black "Nair, Sanjeev"]
[Result "1-0"]
[WhiteElo "2014"]
[BlackElo "2172"]
[PlyCount "81"]
[EventDate "2020.02.15"]
[EventType "swiss"]
[EventRounds "9"]
[EventCountry "FRA"]

{[%evp 0,12,24,25,57,73,80,66,62,43,36,34,48,48,53]} 1. e4 c5 2. Nf3 d6 3. d4
cxd4 4. Nxd4 Nf6 5. Nc3 Nc6 6. Bg5 e6 7. Qd2 a6 8. O-O-O Bd7 9. f4 b5 10. a3
Qb6 11. e5 h6 12. Bxf6 gxf6 13. exf6 Qxd4 14. Qxd4 Nxd4 15. Rxd4 Rg8 16. Bd3
Bc6 17. Rg1 Rxg2 18. Rxg2 Bxg2 19. a4 bxa4 20. Rxa4 Bb7 21. Rb4 O-O-O 22. Ra4
d5 23. Bxa6 Bxa6 24. Rxa6 Bd6 25. f5 Bf4+ 26. Kd1 Kb7 27. Rxe6 fxe6 28. fxe6
Bd6 29. Nxd5 Kc6 30. c4 Kc5 31. b3 Kd4 32. e7 Ra8 33. Nc7 Bxc7 34. f7 Kd3 35.
Ke1 Bb6 36. Kf1 Ra1+ 37. Kg2 Ra2+ 38. Kh3 Bc7 39. e8=Q Rxh2+ 40. Kg4 Rg2+ 41.
Kf3 1-0

[Event "Noisiel 5th op"]
[Site "Noisiel"]
[Date "2020.02.18"]
[Round "5"]
[White "Noblecourt, Nicolas"]
[Black "Ahmed Holi Ali, Moawia"]
[Result "0-1"]
[WhiteElo "1918"]
[BlackElo "2121"]
[PlyCount "122"]
[EventDate "2020.02.15"]
[EventType "swiss"]
[EventRounds "9"]
[EventCountry "FRA"]

{[%evp 0,13,25,14,16,-4,19,26,12,21,11,21,12,28,28,27]} 1. Nf3 Nf6 2. g3 g6 3.
Bg2 Bg7 4. c4 O-O 5. O-O d6 6. Nc3 e5 7. d4 exd4 8. Nxd4 Nbd7 9. e4 Re8 10. f4
Nc5 11. e5 dxe5 12. fxe5 Ng4 13. Bd5 Nxe5 14. Nf3 Be6 15. Nxe5 Bxd5 16. Qxd5
Qxd5 17. Nxd5 Bxe5 18. Bf4 c6 19. Bxe5 cxd5 20. Bd6 Ne4 21. c5 Rad8 22. Rac1 f5
23. Kg2 Kf7 24. g4 Nxd6 25. cxd6 Rxd6 26. gxf5 g5 27. Rc7+ Re7 28. Rxe7+ Kxe7
29. Kf3 Kf6 30. Ke3 d4+ 31. Kd3 h5 32. Rc1 Kxf5 33. Rc7 Rb6 34. b3 Rb4 35. Rc5+
Kg4 36. Re5 h4 37. h3+ Kf4 38. Re4+ Kf5 39. Re8 a5 40. Rf8+ Ke5 41. Rg8 Kf4 42.
Rf8+ Kg3 43. Rf5 Kxh3 44. Rxg5 a4 45. bxa4 Rxa4 46. Rg7 b5 47. Rd7 Kg4 48. Rg7+
Kf4 49. Rh7 h3 50. Rh8 Kg3 51. Rg8+ Kh2 52. Rg5 Rxa2 53. Rxb5 Kg1 54. Rb1+ Kg2
55. Rb8 Ra3+ 56. Kxd4 h2 57. Rb2+ Kh3 58. Rb1 Rg3 59. Ke4 Rg1 60. Rb3+ Kh4 61.
Rb8 h1=Q+ 0-1

[Event "Noisiel 5th op"]
[Site "Noisiel"]
[Date "2020.02.18"]
[Round "5"]
[White "Vinodh, Kumar B"]
[Black "Delmas Goyon, Francois"]
[Result "1-0"]
[WhiteElo "2034"]
[BlackElo "1902"]
[PlyCount "141"]
[EventDate "2020.02.15"]
[EventType "swiss"]
[EventRounds "9"]
[EventCountry "FRA"]

{[%evp 0,42,25,18,16,30,37,12,9,12,16,14,10,6,-14,-10,-10,-13,-13,-17,-34,-42,
-21,-30,-17,-18,1,-7,2,-15,-16,-49,-39,-69,1,-1,0,-61,-67,-57,-52,-58,-58,-81,
-83]} 1. d4 Nf6 2. Nf3 e6 3. e3 d5 4. Bd3 Be7 5. Nbd2 c5 6. c3 O-O 7. O-O b6 8.
Re1 Bb7 9. Qe2 Nbd7 10. Ba6 Qc8 11. Bxb7 Qxb7 12. b3 cxd4 13. exd4 b5 14. Bb2
a5 15. Rac1 Rfc8 16. Ng5 Bf8 17. Ndf3 h6 18. Nh3 a4 19. Nf4 axb3 20. axb3 Ra2
21. Nd3 Ne4 22. Nd2 Nxd2 23. Qxd2 Rca8 24. Rc2 Ba3 25. h4 Bxb2 26. Rxb2 Qa7 27.
Nb4 Rxb2 28. Qxb2 Nf6 29. Rc1 h5 30. f3 Qa3 31. Qxa3 Rxa3 32. Rb1 Kh7 33. Kf2
Kh6 34. Ke3 g5 35. hxg5+ Kxg5 36. Kf2 h4 37. Rb2 Nh5 38. Rb1 Nf4 39. Kf1 Kf6
40. Kf2 Ke7 41. Rb2 h3 42. gxh3 Nxh3+ 43. Kg3 Ng5 44. Kf4 f6 45. Rb1 Kd6 46.
Ke3 Nf7 47. f4 f5 48. Nd3 Nd8 49. Nc5 Nc6 50. Rh1 Ra7 51. Rh6 Re7 52. b4 Nd8
53. Rh8 Kc7 54. Rg8 Nb7 55. Kd3 Nd8 56. Rh8 Nb7 57. Ra8 Nxc5+ 58. bxc5 Kb7 59.
Ra5 Rh7 60. Rxb5+ Kc7 61. Rb6 Rh3+ 62. Kd2 Kd7 63. Rb7+ Kd8 64. c6 Rh2+ 65. Kd3
Rh3+ 66. Kc2 Rf3 67. Kb3 Rxf4 68. Kb4 Rf3 69. Kc5 Rxc3+ 70. Kd6 Ke8 71. Re7+
1-0

[Event "Noisiel 5th op"]
[Site "Noisiel"]
[Date "2020.02.18"]
[Round "5"]
[White "Schmit, Vincent"]
[Black "Yuan, Beline"]
[Result "1-0"]
[WhiteElo "2171"]
[BlackElo "1923"]
[PlyCount "49"]
[EventDate "2020.02.15"]
[EventType "swiss"]
[EventRounds "9"]
[EventCountry "FRA"]

{[%evp 0,49,25,18,18,25,50,35,29,29,54,33,20,-9,-10,-55,47,40,53,30,203,178,
178,83,89,97,198,178,139,139,143,92,92,85,131,131,133,-77,-8,-15,5,0,-32,-37,
-43,-164,-152,-161,1053,1462,29999,-30000]} 1. d4 Nf6 2. Nf3 g6 3. Nc3 d5 4.
Bf4 c6 5. Qd2 Bg7 6. Bh6 O-O 7. h4 Re8 8. Bxg7 Kxg7 9. h5 Nbd7 10. hxg6 fxg6
11. Qh6+ Kg8 12. e4 dxe4 13. Ng5 Nf8 14. Bc4+ e6 15. Ncxe4 Nxe4 16. Nxe4 Qxd4
17. Qf4 Rd8 18. Rh3 Qxb2 19. Rd1 Rxd1+ 20. Kxd1 Qg7 21. Nf6+ Kh8 22. Ne8 e5 23.
Qg5 Qd7+ 24. Kc1 Qxe8 25. Qf6# 1-0

[Event "Noisiel 5th op"]
[Site "Noisiel"]
[Date "2020.02.18"]
[Round "5"]
[White "Roebers, Eline"]
[Black "Helfer, Remi"]
[Result "0-1"]
[WhiteElo "2129"]
[BlackElo "2017"]
[PlyCount "68"]
[EventDate "2020.02.15"]
[EventType "swiss"]
[EventRounds "9"]
[EventCountry "FRA"]

{[%evp 0,18,25,25,25,25,19,6,-8,22,25,24,8,0,0,0,0,-18,-1,4,4]} 1. e4 e5 2. Nf3
Nc6 3. d4 exd4 4. Nxd4 Nf6 5. Nxc6 bxc6 6. e5 Qe7 7. Qe2 Nd5 8. h4 d6 9. c4 Nb6
10. exd6 cxd6 11. Nc3 Be6 12. b3 d5 13. cxd5 Nxd5 14. Nxd5 cxd5 15. g3 Qf6 16.
Bb2 Bb4+ 17. Kd1 Bc3 18. Bxc3 Qxc3 19. Rc1 Qd4+ 20. Qd2 Qb6 21. Qe3 d4 22. Qe4
O-O 23. Bd3 g6 24. Rc6 Qa5 25. Rxe6 fxe6 26. Qxe6+ Kh8 27. b4 Qa4+ 28. Bc2 Qe8
29. Qxe8 Raxe8 30. f4 Re3 31. h5 d3 32. Bb1 gxh5 33. Rxh5 Rxg3 34. Rg5 Rxg5 0-1

[Event "Noisiel 5th op"]
[Site "Noisiel"]
[Date "2020.02.18"]
[Round "5"]
[White "Bellaiche, Elise"]
[Black "Gherghinoiu, Lucas"]
[Result "1/2-1/2"]
[WhiteElo "2033"]
[BlackElo "2120"]
[PlyCount "47"]
[EventDate "2020.02.15"]
[EventType "swiss"]
[EventRounds "9"]
[EventCountry "FRA"]

{[%evp 0,28,25,25,76,76,49,15,11,21,23,29,52,28,43,48,49,49,34,46,40,40,44,20,
37,47,37,18,19,21,62]} 1. e4 c5 2. Nf3 e6 3. c3 d5 4. exd5 exd5 5. d4 a6 6. Be2
Bd6 7. dxc5 Bxc5 8. O-O Ne7 9. Nbd2 Nbc6 10. Nb3 Bd6 11. Nbd4 Qc7 12. Re1 O-O
13. h3 Bd7 14. Bd3 g6 15. Bh6 Rfe8 16. Qd2 f6 17. Rad1 Ne5 18. Bb1 b5 19. a3 a5
20. Ba2 b4 21. Nxe5 bxc3 22. bxc3 fxe5 23. Nf3 Bc6 24. c4 1/2-1/2

[Event "Noisiel 5th op"]
[Site "Noisiel"]
[Date "2020.02.18"]
[Round "5"]
[White "Triger, Franck"]
[Black "Le Pen, Steven"]
[Result "0-1"]
[WhiteElo "1961"]
[BlackElo "2047"]
[PlyCount "48"]
[EventDate "2020.02.15"]
[EventType "swiss"]
[EventRounds "9"]
[EventCountry "FRA"]

{[%evp 0,48,25,25,3,25,35,21,24,4,21,26,11,3,-5,4,32,42,28,-3,-1,5,26,-14,0,2,
12,59,24,29,45,39,48,31,31,50,56,48,61,57,83,24,11,-2,-8,-19,-12,-36,-31,-51,
-50]} 1. d4 Nf6 2. Nf3 g6 3. g3 Bg7 4. Bg2 O-O 5. O-O d5 6. c4 dxc4 7. Na3 c3
8. bxc3 c5 9. e3 Nc6 10. Bb2 Qc7 11. Rc1 Rd8 12. Qe2 a6 13. e4 Bg4 14. h3 Bxf3
15. Bxf3 e6 16. Rfd1 b5 17. Nc2 Rac8 18. Ne3 Qb6 19. e5 Nd7 20. Bxc6 Qxc6 21.
f4 Nb6 22. Ba3 Bf8 23. Ng4 Nc4 24. Nf6+ Kg7 0-1

[Event "Noisiel 5th op"]
[Site "Noisiel"]
[Date "2020.02.18"]
[Round "5"]
[White "Azymah, Remy"]
[Black "Galan, Francois"]
[Result "1-0"]
[WhiteElo "1932"]
[BlackElo "2025"]
[PlyCount "133"]
[EventDate "2020.02.15"]
[EventType "swiss"]
[EventRounds "9"]
[EventCountry "FRA"]

{[%evp 0,60,25,25,70,62,62,62,76,54,54,34,35,19,36,36,38,33,34,13,32,39,41,41,
49,49,61,40,40,45,43,43,51,20,13,4,27,38,33,41,27,-13,9,9,26,28,43,41,81,96,
124,123,130,105,73,73,121,126,130,128,96,96,110]} 1. e4 c6 2. d4 d5 3. e5 Bf5
4. Nf3 e6 5. Be2 Nd7 6. Nbd2 Bg6 7. O-O Nh6 8. c3 Nf5 9. b4 h5 10. Nb3 Be7 11.
a4 Qc7 12. Re1 O-O 13. Bg5 Qd8 14. Bxe7 Qxe7 15. a5 b6 16. axb6 axb6 17. Qd2
Rfb8 18. Ra2 Rxa2 19. Qxa2 c5 20. b5 c4 21. Nbd2 Nf8 22. Ra1 Qd7 23. Qa4 Ne7
24. Nh4 Bh7 25. Bxh5 Nc8 26. Bd1 Rb7 27. Qb4 Ra7 28. Ra6 Qb7 29. Qa4 Nd7 30. f4
Nb8 31. Rxa7 Nxa7 32. Qb4 Qd7 33. Ba4 Bd3 34. Nhf3 Nc8 35. h3 Ne7 36. Kf2 Nf5
37. Ne1 Qd8 38. g3 g5 39. Nxd3 cxd3 40. g4 gxf4 41. Nf3 Ne3 42. g5 Qc7 43. Ke1
Nc4 44. Bb3 Kg7 45. Nd2 Ne3 46. Nf3 Qa7 47. Qa4 Qxa4 48. Bxa4 Nc4 49. Bb3 Kg6
50. Bxc4 dxc4 51. Nd2 Kxg5 52. Nxc4 Nd7 53. Nb2 Kh4 54. Nxd3 Kxh3 55. Nxf4+ Kg4
56. Nd3 Kf3 57. Kd2 Ke4 58. Ke2 f6 59. exf6 Nxf6 60. Nf2+ Kf4 61. Kd3 Nd7 62.
Ne4 Kf5 63. c4 e5 64. c5 bxc5 65. dxc5 Ke6 66. Kc4 Nb8 67. c6 1-0